000 00740cam a2200253 u 4500
003 UPN
005 20230310063530.0
008 191022s2001 mx gr 000 p spa d
020 _a9701870042
035 _aUPN01000233646
040 _aMX-MxUPN
_bspa
_cMX-MxUPN
050 4 _aPQ7298.15 S62
_bT73 2001
100 1 _aEspaña, Javier,
_d1960-
_937315
245 1 0 _aTras el biombo
250 _aSegunda edición
260 _aMéxico :
_bCONACULTA :
_bInstituto Quintanarroense de Cultura,
_c2001.
300 _a115 páginas
490 0 _aFondo editorial Tierra Adentro ;
_v23
650 4 _aPoesía mexicana
_ySiglo XX
_91285
902 _bVíctorGodínez/131022/M
905 _aLibro
942 _cLIBRO
_2lcc
999 _c205741
_d205741